000 00753nam a2200277 i 4500
001 18426
003 ES-MaACL
005 20230906151834.0
007 t|
008 011107s2000 sp ||||0| spa j
020 _a84-322-0846-9
040 _aM-BN
_bspa
_cM-BN
080 _a323.17(460)
080 _a946.0
100 1 _aRidao, José María.
_997051
245 1 0 _aContra la historia /
_cJosé María Ridao.
250 _a1ª ed.
260 _aBarcelona :
_bSeix Barral,
_c2000.
300 _a287 p ;
_c23 cm.
490 1 _aLos tres mundos
650 1 4 _aNacionalismo-
_zEspaña.
_915447
651 4 _aEspaña-
_xHistoria.
_98209
830 0 _aLos tres mundos
_9179717
852 _aES-MaACL
_jL-25060
_bR.130472
999 _c18426
_d18426